Catharsis by AlicebanD - Lyrics Quiz - Statistics

General Stats
  • This quiz has been taken 7 times
    6 since last reset
  • The average score is 291 of 469
Answer Stats
Lyrics % Correct
a
100%
an
100%
and
100%
as
100%
be
100%
he
100%
Him
100%
his
100%
i
100%
I
100%
in
100%
just
100%
like
100%
me
100%
my
100%
of
100%
on
100%
see
100%
so
100%
The
100%
the
100%
their
100%
them
100%
there
100%
To
100%
to
100%
when
100%
who
100%
you
100%
your
100%
can
75%
can't
75%
diamonds
75%
do
75%
don't
75%
down
75%
face
75%
Faces
75%
faces
75%
feel
75%
get
75%
have
75%
if
75%
If
75%
I'll
75%
is
75%
left
75%
love
75%
need
75%
she's
75%
stay
75%
that
75%
up
75%
want
75%
with
75%
you're
75%
about
50%
all
50%
am
50%
are
50%
bottle
50%
but
50%
close
50%
debts
50%
else
50%
false
50%
flame
50%
for
50%
forget
50%
from
50%
give
50%
glass
50%
hand
50%
Help
50%
hes
50%
hold
50%
i'm
50%
it
50%
it's
50%
know
50%
light
50%
make
50%
man
50%
mind
50%
more
50%
not
50%
now
50%
Oh
50%
open
50%
path
50%
pay
50%
Seperate
50%
shiny
50%
shoulder
50%
show
50%
some
50%
than
50%
they're
50%
Walk
50%
wear
50%
we're
50%
won't
50%
Across
25%
again
25%
alive
25%
always
25%
anything
25%
arms
25%
around
25%
attention
25%
become
25%
been
25%
before
25%
better
25%
bold
25%
bones
25%
borrowed
25%
brittle
25%
broke
25%
burn
25%
candle
25%
carry
25%
cast
25%
chained
25%
chasing
25%
cold
25%
concept
25%
could
25%
cracks
25%
crave
25%
crumbled
25%
damaging
25%
dangerous
25%
darkness
25%
destroying
25%
dream
25%
else's
25%
emptied
25%
even
25%
every
25%
everything
25%
except
25%
existence
25%
fabric
25%
feed
25%
felt
25%
fill
25%
flinches
25%
getting
25%
girl
25%
giving
25%
graces
25%
had
25%
heat
25%
human
25%
hunger
25%
into
25%
isn't
25%
joints
25%
justifies
25%
keeps
25%
killing
25%
let
25%
letting
25%
life
25%
little
25%
lose
25%
lovers
25%
loving
25%
luring
25%
made
25%
maggot
25%
magpie
25%
melt
25%
memory
25%
molded
25%
moving
25%
myself
25%
needs
25%
never
25%
object
25%
obsession
25%
old
25%
older
25%
only
25%
other
25%
our
25%
over
25%
own
25%
pain
25%
pieces
25%
placeless
25%
queue
25%
reciprocal
25%
rose
25%
safety
25%
salt
25%
save
25%
secrets
25%
seem
25%
sew
25%
shoot
25%
should've
25%
shrivelled
25%
slide
25%
smiles
25%
smoked
25%
soak
25%
soldier
25%
soldiers
25%
solitary
25%
someone
25%
sometimes
25%
space
25%
spirit
25%
steady
25%
stealing
25%
step
25%
stop
25%
stripping
25%
stuff
25%
there's
25%
these
25%
things
25%
thinking
25%
this
25%
This
25%
though
25%
tiles
25%
tin
25%
tobacco
25%
trains
25%
trust
25%
understand
25%
used
25%
wanted
25%
wanting
25%
well
25%
willing
25%
without
25%
women
25%
would
25%
wounds
25%
frame
0%
No matching quizzes found
Score Distribution
Percent of People with Each Score
Percentile by Number Answered
Your Score History
You have not taken this quiz since the last reset